000 01072cam a22003377a 4500
003 CHAP
005 20220329133515.0
008 971013s1989 r 00010 d
010 _a7168
011 _a8140
035 _a7365
040 _cCHAP
082 _a581.151
_bM3 v.1
100 0 0 _aMaesen, L. J. G. van der
_eed.
_969753
245 0 _aPlant resources of southeast Asia
_b: pulses
260 _aWageningen :
_bPUDOC,
_c1989
300 _a105 p.
_b: ilus.
590 _aBATCH-UPD
_b10
_c20130110
_lUCH01
_h0005
590 _aBATCH-UPD
_b10
_c20130110
_lUCH01
_h1240
590 _aBATCH-UPD
_b10
_c20130410
_lUCH01
_h0807
590 _aBATCH-UPD
_b10
_c20130914
_lUCH01
_h1718
590 _aCONVERSION
_b10
_c20130109
_lUCH01
_h1305
650 1 4 _aLegumbres
_xLejano Oriente.
_965736
650 1 4 _aLeguminosas.
_965807
650 1 4 _aLeguminosas
_zAsia.
_965856
650 1 4 _aRecursos genéticos.
_995078
700 0 _aSomaatmadja, Sadikin.
_9108531
901 _aBK
942 _cLIBRO
949 _a581.151 M3 v.1
_bBC
_cC
_d33724000496535
_eC
_gI.166711
_h83037
_i7365
_si
_t254.00
999 _c7168
_d7168